header

HowNet and the computation of meaning (Record no. 120049)

MARC details
000 -LEADER
fixed length control field 01671nam a22004094a 4500
100 1# - MAIN ENTRY--AUTHOR NAME
Personal name Dong, Zhendong.
245 10 - TITLE STATEMENT
Title HowNet and the computation of meaning
260 ## - PUBLICATION, DISTRIBUTION, ETC. (IMPRINT)
Place of publication Hackensack, NJ :
Name of publisher World Scientific,
Year of publication c2006.
300 ## - PHYSICAL DESCRIPTION
Number of Pages xiv, 302 p. :
Other physical details ill.
500 ## - GENERAL NOTE
General note Accompanying CD-ROM contains Mini-HowNet, software to demonstrate concepts described in the text, and associated text files.
650 #0 - SUBJECT ADDED ENTRY--TOPICAL TERM
Topical Term Semantics
Topical Term Lexicology
Topical Term Phraseology
Topical Term Natural language processing (Computer science)
Topical Term Machine translating.
Topical Term Chinese language
Topical Term English language
700 1# - ADDED ENTRY--PERSONAL NAME
Personal name Dong, Qiang.
856 40 - ELECTRONIC LOCATION AND ACCESS
Uniform Resource Identifier http://site.ebrary.com/lib/rucke/Doc?id=10201179

No items available.

© 2026 Rongo University
Contact us: librarian | system librarian | Rongo university